| 000 | 01040nam1a22002411 4500 | ||
|---|---|---|---|
| 001 | rc\1008739 | ||
| 005 | 20041129102130.7 | ||
| 035 | _a(NLR Aleph) 006256087 | ||
| 090 |
_a6800561 _c6800561 |
||
| 100 | _a20041129d19819999u |0rusy50 ca | ||
| 101 | 0 | _arus | |
| 102 | _aRU | ||
| 105 | _ay ||||||||| | ||
| 200 | 1 |
_aБиохимические и технологические методы в селекции животных _e(Метод. указания) _fВАСХНИЛ, Отд-ние по Нечернозем. зоне РСФСР _g[Сост. Л.С. Жебровским и др.] |
|
| 210 |
_aЛ. _aПушкин _cОтд-ние ВАСХНИЛ по Нечернозем. зоне РСФСР _d1981- |
||
| 215 | _d21 | ||
| 702 | 1 |
_aЖебровский _bЛ. С. _gЛюдвиг Северович _4220 |
|
| 712 | 0 | 2 |
_aВАСХНИЛ _bОтделение по Нечерноземной зоне РСФСР _3RU\NLR\AUTH\8817284 |
| 801 | 0 |
_aRU _bNLR _gpsbo |
|
| 801 | 1 |
_aRU _bELAR _2rusmarc |
|
| 852 |
_aNLR _j82-5/922 |
||
| 942 | _cBOOK | ||
| 980 | _aNB | ||